00398cam a2200157ua 45000010005000000080039000050400009000440820013000531000032000662450046000982500009001442600037001533000016001906530018002066530016002243929111209n ii |||gr||||Z||||||asm cMAIN a891.45111 aHazarika, Mofuzuddin Ahmed,11aJnan malinicby Mofizuddin Ahmed Hazarika a8th. aDibrugarh:bLBS publication,987. a66p:c23cm. aAssamese poem aJnan malini